Les noms d'oiseaux par lettres -F - Statistiques

Statistiques générales
  • Ce quiz a été pris 85 fois
  • Le résultat moyen est 8 sur 19
Statistiques - réponses
Par images Réponse % Correct
Faucon
98%
Flamant
98%
Faisan
97%
Fou
89%
Foulque
73%
Frégate
59%
Fuligule
54%
Fauvette
52%
Fulmar
48%
Fauconnet
32%
Foudi
24%
Fournier
22%
Fourmilier
17%
Francolin
8%
Farifotra
0%
Fauvine
0%
Firasabé
0%
Foditany
0%
Founingo
0%
Aucun quiz correspondant
Distribution des résultats
% des personnes avec chaque résultat
Percentile par nombre de réponses
Votre historique - résultats
Vous n’avez pas pris ce quiz